| 000 | 01226nam a22003257a 4500 | ||
|---|---|---|---|
| 999 |
_c27953 _d27924 |
||
| 003 | EG-ScBUE | ||
| 005 | 20200127112453.0 | ||
| 008 | 200126s2015 cc f d 000 0 mul d | ||
| 020 | _a9787561941706 | ||
| 040 |
_aEG-ScBUE _beng _erda _cEG-ScBUE _dEG-ScBUE |
||
| 041 | 0 |
_aeng _achi |
|
| 082 | 0 | 4 |
_a495.131 _bDIC _222 |
| 245 | 0 | 2 |
_aA dictionary of Chinese synonyms with English translation = _b汉语近义词典 汉英双解 / _c[editor] Huan Wang. |
| 246 | 3 | 1 | _a汉语近义词典 汉英双解 |
| 250 | _aSecond edition. | ||
| 264 | 1 |
_aBeijing : _bBeijing Language and Culture University Press, _c2015. |
|
| 300 |
_a508 pages ; _c24 cm. |
||
| 336 |
_2rdacontent _atext _btxt |
||
| 337 |
_2rdamedia _aunmediated _bn |
||
| 338 |
_2rdacarrier _avolume _bnc |
||
| 490 | 0 | _aChinese reference series for foreigners | |
| 546 | _aText in English and Chinese language. | ||
| 650 | 7 |
_aChinese language _xSynonyms and antonyms _vDictionaries. _2BUEsh |
|
| 650 | 7 |
_aChinese language _vDictionaries _xEnglish. _2BUEsh |
|
| 650 | 7 |
_aChinese language _vTextbooks for foreign speakers _xEnglish. _2BUEsh |
|
| 653 |
_bHHUUCCHH _cJanuary2020 |
||
| 655 | _vReading book | ||
| 700 | 1 |
_aWang, Huan, _d1915- _eeditor. |
|
| 942 |
_2ddc _cREFERENCE |
||